00632nam a22001697a 45000050016000000200024000160370017000400820015000571000027000722450067000992600036001662700063002023000032002659420029002979990017003269520119003432010091306006.0 a8189738208c1500.00 bPansy Books  a796.358092 aDatta, Debasish 91172 aSourav GAnguly:cby Debasish Datta bthe maharaja of cricket / aNew Delhi bNiyogi Books c2007 aD-78, Okhla Industrial Area, Phase-I, bNew Delhi e110020 a203p. c27cm(pbk) bPhotos  2ddccENh796.358092mDAT c45345d45345 0010407-18NFICaAGbAGd2010-09-13g1500.00l0o796.358092 DATr2010-09-13 00:00:00t1v1500.00w2010-09-13yEN